[Event "sampa"]
[Site "http://www.queenalice.com/game.php?id=60674"]
[Date "2006.4.1"]
[Round "-"]
[White "vsg"]
[Black "Adam"]
[Result "1-0"]
[WhiteElo "1619"]
[BlackElo "1610"]

1. e4 c5 2. b3 d5 3. exd5 Qxd5 4. Nc3 Qd8 5. Qf3 Nc6 6. Bb2 Nf6 7. h3 e5 8. Ne4
Be7 9. Nxf6+ Bxf6 10. Bc3 Be6 11. Bb5 Bd7 12. Bc4 O-O 13. Bd5 Rb8 14. Be4 Qc7
15. Ne2 Nd4 16. Bxd4 exd4 17. Rd1 Rfe8 18. a4 a6 19. d3 b5 20. axb5 Bxb5 21. Ra1
g6 22. Qxf6 Re6 23. Qg5 f5 24. Bd5 Qe5 25. Bxe6+ Qxe6 26. Qd2 Re8 27. Kf1 Kg7
28. Nf4 Qe5 29. h4 h5 30. g3 Qd6 31. Kg2 Qc6+ 32. Kh2 Qf3 33. c4 dxc3 34. Qxc3+
Kh7 35. Qxc5 Re2 36. Nxe2 Qxe2 37. Qa7+ Kh6 38. Qd4 1-0

[Event "Revanche"]
[Site "http://www.queenalice.com/game.php?id=60794"]
[Date "2006.4.2"]
[Round "-"]
[White "stamm"]
[Black "Adam"]
[Result "0-1"]
[WhiteElo "1709"]
[BlackElo "1573"]

1. d4 d5 2. c4 c6 3. cxd5 cxd5 4. e3 Nf6 5. Bb5+ Bd7 6. a4 a6 7. Bxd7+ Nbxd7 8.
f3 e5 9. Ne2 Bb4+ 10. Nbc3 Qa5 11. Bd2 Rc8 12. Na2 Bxd2+ 13. Qxd2 Qxa4 14. O-O
Rc2 15. Nec3 Qb3 16. Qd1 Qxb2 17. Rb1 Rxg2+ 0-1

[Event "AUTO-ADV-174"]
[Site "http://www.queenalice.com/game.php?id=69883"]
[Date "2006.5.18"]
[Round "1"]
[White "gigino42"]
[Black "Adam"]
[Result "1-0"]
[WhiteElo "1690"]
[BlackElo "1604"]

1. e4 e5 2. Nf3 Nc6 3. d4 exd4 4. Bc4 Bc5 5. e5 d6 6. Bg5 Qd7 7. O-O dxe5 8. Qe1
f6 9. Bd2 b6 10. c3 Na5 11. Bxg8 Rxg8 12. b4 dxc3 13. Bxc3 Bxb4 14. Bxb4 Rf8 15.
Bxf8 Kxf8 16. Nc3 c5 17. Qe4 Bb7 18. Qe3 Bxf3 19. Qxf3 Rc8 20. Rad1 Qe6 21. Rd2
Nc4 22. Rd5 e4 23. Qxe4 Ne5 24. Rfd1 f5 25. Rxe5 1-0

[Event "AUTO-ADV-174"]
[Site "http://www.queenalice.com/game.php?id=69884"]
[Date "2006.5.18"]
[Round "1"]
[White "Adam"]
[Black "gigino42"]
[Result "0-1"]
[WhiteElo "1621"]
[BlackElo "1741"]

1. d4 Nf6 2. Nf3 d6 3. c4 g6 4. Nc3 Bg7 5. Bg5 Nbd7 6. e3 c5 7. Qc2 a6 8. a4 b6
9. Bd3 Bb7 10. e4 cxd4 11. Nxd4 Rc8 12. O-O O-O 13. Rfe1 e5 14. Nf3 Nc5 15. Be2
Qd7 16. Bxf6 Bxf6 17. a5 Qc7 18. b4 Ne6 19. Nd5 Qd8 20. Nxb6 Rb8 21. Rad1 Qc7
22. Rd2 Bd8 23. Red1 Be7 24. Nxe5 dxe5 25. Rd7 Qc6 26. Rxe7 Nd4 27. Qd3 Qd6 28.
Rd7 Qxb4 29. f4 Qxa5 30. Nd5 Nxe2+ 31. Qxe2 Bc8 32. Ne7+ Kg7 33. Nc6 Qc5+ 0-1

[Event "AUTO-ADV-174"]
[Site "http://www.queenalice.com/game.php?id=69895"]
[Date "2006.5.18"]
[Round "1"]
[White "zecafernandes"]
[Black "Adam"]
[Result "0-1"]
[WhiteElo "1404"]
[BlackElo "1610"]

1. e4 c5 2. d4 cxd4 3. Qxd4 Nc6 4. Qe3 d5 5. Bd3 d4 6. Qf3 Nf6 7. Nh3 e5 8. O-O
Bg4 9. Qg3 Bd6 10. Ng5 h6 11. Qh4 Bh5 12. g4 Bxg4 13. Bc4 Bh5 14. Na3 hxg5 15.
Qg3 Nxe4 16. Qb3 g4 17. Qxb7 Bg6 18. Re1 Rc8 19. Rxe4 Rc7 20. Qxc7 Bxc7 21. Rxg4
e4 22. f3 Bxh2+ 23. Kg2 exf3+ 24. Kxf3 Qf6+ 25. Kg2 Ne5 26. Bb5+ Kf8 27. Rxd4
Qf3# 0-1

[Event "AUTO-ADV-174"]
[Site "http://www.queenalice.com/game.php?id=69896"]
[Date "2006.5.18"]
[Round "1"]
[White "Adam"]
[Black "zecafernandes"]
[Result "1-0"]
[WhiteElo "1613"]
[BlackElo "1412"]

1. d4 d5 2. c4 dxc4 3. Nf3 h6 4. Nc3 a6 5. e4 b5 6. a4 Bd7 7. axb5 Bc8 8. Bxc4
Nf6 9. e5 Nh5 10. Nh4 g6 11. Qf3 Qxd4 12. Qxf7+ Kd8 13. Nxg6 Bb7 14. Be3 Qd6 15.
exd6 Nd7 16. dxe7+ Bxe7 17. Qxe7+ Kc8 18. Nxh8 Bxg2 19. Qe8+ Kb7 20. bxa6+ Kc6
21. Qxa8+ Kd6 22. O-O-O+ Ke7 23. Rxd7+ Kxd7 24. Rd1+ Ke7 25. Qxg2 Ng7 26. Qxg7+
1-0

[Event "AUTO-ADV-174"]
[Site "http://www.queenalice.com/game.php?id=69903"]
[Date "2006.5.18"]
[Round "1"]
[White "Adam"]
[Black "Zorro"]
[Result "1-0"]
[WhiteElo "1608"]
[BlackElo "1339"]

1. d4 Nc6 2. e4 e5 3. d5 Na5 4. Nf3 Bd6 5. b3 Nf6 6. Nc3 Bb4 7. Bb2 Nxe4 8. Qd3
Bxc3+ 9. Bxc3 Nxc3 10. Qxc3 b6 11. Nxe5 O-O 12. Be2 d6 13. Nf3 Bg4 14. O-O c5
15. dxc6 Rc8 16. Bb5 Bxf3 17. Qxf3 Re8 18. c7 Qxc7 19. Bxe8 Rxe8 20. Rfe1 1-0

[Event "AUTO-ADV-174"]
[Site "http://www.queenalice.com/game.php?id=69904"]
[Date "2006.5.18"]
[Round "1"]
[White "Zorro"]
[Black "Adam"]
[Result "0-1"]
[WhiteElo "1345"]
[BlackElo "1602"]

1. e4 e5 2. Nf3 Nc6 3. Bb5 a6 4. Bxc6 dxc6 5. Nxe5 Qd4 6. Nf3 Qxe4+ 7. Qe2 Qxe2+
8. Kxe2 Bf5 9. Nd4 Bg6 10. Re1 O-O-O 11. c3 Bc5 12. Nb3 Bb6 13. Kf1 Nf6 14. d4
Rhe8 15. Bg5 Rxe1+ 16. Kxe1 Re8+ 17. Be3 Ng4 18. h3 Nxe3 19. fxe3 Rxe3+ 20. Kf2
Rd3 0-1

[Event "Challenge"]
[Site "http://www.queenalice.com/game.php?id=81278"]
[Date "2006.6.30"]
[Round "-"]
[White "Adam"]
[Black "stamm"]
[Result "0-1"]
[WhiteElo "1598"]
[BlackElo "1735"]

1. d4 d5 2. c4 e6 3. Nc3 Bb4 4. Qb3 Bxc3+ 5. Qxc3 Nc6 6. Nf3 h6 7. Bf4 g5 8. Be5
f6 9. cxd5 exd5 10. Bg3 Bd7 11. h4 g4 12. Nh2 h5 13. e4 Qe7 14. Qe3 dxe4 15.
Bxc7 Qb4+ 16. Qc3 Qxd4 17. Qxd4 Nxd4 18. O-O-O Ne6 19. Bd6 Rc8+ 20. Kb1 Nh6 21.
Be2 Nf5 22. Bg3 Nxg3 23. fxg3 a6 24. Nf1 f5 25. Ne3 Rf8 26. Rhf1 Nc5 0-1

[Event "Challenge"]
[Site "http://www.queenalice.com/game.php?id=81279"]
[Date "2006.6.30"]
[Round "-"]
[White "stamm"]
[Black "Adam"]
[Result "1-0"]
[WhiteElo "1746"]
[BlackElo "1587"]

1. e4 e5 2. d4 exd4 3. Qxd4 Nc6 4. Qd1 Nf6 5. Bg5 Be7 6. f3 Nh5 7. Be3 Bg5 8. f4
Nxf4 9. g3 Ng2+ 10. Bxg2 Bxe3 11. Qd3 Bd4 12. c3 Be5 13. Nf3 O-O 14. Nbd2 d6 15.
Nb3 Be6 16. Nbd2 d5 17. O-O-O dxe4 18. Qxe4 Bd6 19. Ng5 Qxg5 20. a3 Bd5 21. Qe2
Rfe8 22. Qf1 Re7 23. Bxd5 Qxd5 24. Nf3 Qb3 25. Re1 Rae8 26. Rxe7 1-0

[Event "AUTO-OPEN-331"]
[Site "http://www.queenalice.com/game.php?id=87551"]
[Date "2006.7.19"]
[Round "1"]
[White "dropdead"]
[Black "Adam"]
[Result "1-0"]
[WhiteElo "1364"]
[BlackElo "1577"]

1. e4 e5 2. Qf3 Nf6 3. Bc4 Nc6 4. g4 h6 5. Nc3 Bc5 6. a3 Nd4 7. Qg2 Nxc2+ 8. Kf1
Nxa1 9. h4 d6 10. Nf3 Nxg4 11. Na4 Bxf2 12. d3 Be3 13. Qe2 1-0

[Event "AUTO-OPEN-331"]
[Site "http://www.queenalice.com/game.php?id=87552"]
[Date "2006.7.19"]
[Round "1"]
[White "Adam"]
[Black "dropdead"]
[Result "0-1"]
[WhiteElo "1552"]
[BlackElo "1389"]

1. d4 d5 2. c4 e6 3. Nc3 Qf6 4. Nf3 g5 5. Bxg5 Qg6 6. e3 h6 7. Bf4 f6 8. cxd5
exd5 9. Nxd5 Be6 10. Nxc7+ Kd7 11. Nxa8 Ne7 12. Bb5+ Nec6 13. Qa4 Ke7 0-1

[Event "AUTO-OPEN-331"]
[Site "http://www.queenalice.com/game.php?id=87577"]
[Date "2006.7.19"]
[Round "1"]
[White "declodi"]
[Black "Adam"]
[Result "1-0"]
[WhiteElo "1788"]
[BlackElo "1577"]

1. e4 e5 2. Nf3 Nc6 3. Bb5 a6 4. Ba4 b5 5. Bb3 Nf6 6. O-O Be7 7. Re1 O-O 8. a4
Bb7 9. d3 d6 10. Nc3 Nd7 11. axb5 axb5 12. Rxa8 Qxa8 13. Nxb5 Rc8 14. Ng5 Bxg5
15. Bxg5 h6 16. Qh5 Kh7 17. Bxh6 gxh6 18. Qxf7+ Kh8 19. Qxd7 1-0

[Event "AUTO-OPEN-331"]
[Site "http://www.queenalice.com/game.php?id=87578"]
[Date "2006.7.19"]
[Round "1"]
[White "Adam"]
[Black "declodi"]
[Result "0-1"]
[WhiteElo "1610"]
[BlackElo "1699"]

1. d4 Nf6 2. c4 e6 3. Bg5 Bb4+ 4. Nc3 h6 5. Bh4 c5 6. Nf3 Qa5 7. Qb3 Ne4 8. Rc1
g5 9. Bg3 g4 10. a3 Bxc3+ 11. bxc3 gxf3 12. exf3 Nxg3 13. fxg3 cxd4 14. Bd3 Qe5+
15. Kf2 Qe3+ 0-1

[Event "AUTO-OPEN-331"]
[Site "http://www.queenalice.com/game.php?id=87595"]
[Date "2006.7.19"]
[Round "1"]
[White "Adam"]
[Black "anderson"]
[Result "0-1"]
[WhiteElo "1513"]
[BlackElo "1753"]

1. d4 Nf6 2. c4 e6 3. Nc3 d5 4. Bg5 Be7 5. Nf3 O-O 6. e3 Nc6 7. Bd3 h6 8. Bh4
Nh7 9. Bxe7 Nxe7 10. Qc2 f5 11. cxd5 Nxd5 12. Nxd5 exd5 13. Ne5 c6 0-1

[Event "AUTO-OPEN-331"]
[Site "http://www.queenalice.com/game.php?id=87596"]
[Date "2006.7.19"]
[Round "1"]
[White "anderson"]
[Black "Adam"]
[Result "1-0"]
[WhiteElo "1770"]
[BlackElo "1598"]

1. e4 e5 2. Nf3 Nc6 3. Bc4 Bc5 4. Nc3 Nf6 5. d3 O-O 6. Bg5 d6 7. Nd5 Nb4 8.
Nxf6+ gxf6 9. Bh6 Re8 10. Nh4 Be6 11. Bxe6 fxe6 12. Qg4+ 1-0

[Event "AUTO-MASTER-193"]
[Site "http://www.queenalice.com/game.php?id=87645"]
[Date "2006.7.19"]
[Round "1"]
[White "Sherlock6834"]
[Black "Adam"]
[Result "1-0"]
[WhiteElo "1826"]
[BlackElo "1520"]

1. e4 e5 2. Nf3 Nc6 3. Bc4 Bc5 4. O-O Nf6 5. Nc3 O-O 6. d3 Na5 7. Nxe5 d6 8. Nf3
Nxc4 9. dxc4 Bg4 10. h3 Bh5 11. Bg5 h6 12. Bh4 g5 13. Bg3 Bg6 14. e5 dxe5 15.
Bxe5 1-0

[Event "AUTO-MASTER-193"]
[Site "http://www.queenalice.com/game.php?id=87646"]
[Date "2006.7.19"]
[Round "1"]
[White "Adam"]
[Black "Sherlock6834"]
[Result "0-1"]
[WhiteElo "1516"]
[BlackElo "1830"]

1. d4 Nf6 2. c4 g6 3. Nc3 d5 4. Nf3 Bg7 5. Bf4 O-O 6. cxd5 Nxd5 7. Nxd5 Qxd5 8.
Bxc7 Bg4 9. e3 Nc6 10. Be2 Rac8 11. Bg3 e5 12. O-O exd4 13. h3 Be6 14. Nxd4 Nxd4
0-1

[Event "AUTO-MASTER-193"]
[Site "http://www.queenalice.com/game.php?id=87657"]
[Date "2006.7.19"]
[Round "1"]
[White "gustavoarbulu"]
[Black "Adam"]
[Result "1-0"]
[WhiteElo "1850"]
[BlackElo "1523"]

1. e4 e5 2. f4 exf4 3. Nf3 Nf6 4. Bc4 d5 5. exd5 Nxd5 6. O-O Be6 7. Bb3 Bc5+ 8.
d4 Bb6 9. Bxd5 Qxd5 10. Bxf4 Nc6 11. c3 Rd8 12. Qe2 Qf5 13. Bg3 Qg6 14. Nbd2 O-O
15. Kh1 Rfe8 16. Rae1 Na5 17. Ne5 Qh6 18. Bf4 1-0

[Event "AUTO-MASTER-193"]
[Site "http://www.queenalice.com/game.php?id=87665"]
[Date "2006.7.19"]
[Round "1"]
[White "Adam"]
[Black "Ernani"]
[Result "0-1"]
[WhiteElo "1529"]
[BlackElo "1843"]

1. d4 d5 2. c4 c6 3. Nc3 Nf6 4. Bg5 Bf5 5. Nf3 e6 6. e3 Bb4 7. Qb3 Qb6 8. Bxf6
gxf6 9. Be2 Bxc3+ 10. Qxc3 Rg8 11. Nh4 Bg4 12. f3 Bh5 13. g4 Bg6 14. Nxg6 Rxg6
15. c5 Qc7 16. Bd3 Rg7 17. Qc2 Qa5+ 18. Kf2 Na6 19. Bxh7 O-O-O 20. Bd3 Nb4 21.
Qb1 Nxd3+ 22. Qxd3 b5 23. h4 Rh8 24. h5 Rg5 0-1

[Event "AUTO-MASTER-193"]
[Site "http://www.queenalice.com/game.php?id=87666"]
[Date "2006.7.19"]
[Round "1"]
[White "Ernani"]
[Black "Adam"]
[Result "1-0"]
[WhiteElo "1846"]
[BlackElo "1526"]

1. e4 e5 2. Nf3 Nc6 3. Bc4 Bc5 4. O-O Nf6 5. Nc3 O-O 6. d3 Na5 7. Bb3 Nxb3 8.
axb3 Re8 9. Bg5 c6 10. Na4 Bd6 11. c4 Bc7 12. Qd2 h6 13. Bh4 d5 14. Rfe1 Qd6 15.
h3 dxe4 16. dxe4 Qxd2 17. Nxd2 Be6 18. Bxf6 gxf6 19. Nc5 b6 20. Nxe6 Rxe6 21.
Nf3 a5 22. Nh4 Rd8 23. Rad1 Red6 24. Rxd6 Rxd6 25. Kf1 1-0

[Event "QA-ANNIV-02"]
[Site "http://www.queenalice.com/game.php?id=91012"]
[Date "2006.7.31"]
[Round "2"]
[White "lstratz"]
[Black "Adam"]
[Result "1-0"]
[WhiteElo "1785"]
[BlackElo "1610"]

1. e4 e5 2. Nc3 Nc6 3. Bc4 Nf6 4. f4 exf4 5. d4 Bb4 6. e5 Bxc3+ 7. bxc3 Ne4 8.
Qf3 Na5 9. Bd5 Ng5 10. Qxf4 h6 11. Nf3 1-0